Music Quiz

Random Music or Artist Quiz

Band Names said by Microsoft Sam Quiz Stats

Quiz not verified by Sporcle

Challenge
Share
Tweet
Score 0/35 Timer 08:00
0 Plays Today
Time Band Name % Correct
0:00David Bowie
91.9%
0:08Van Halen
91.9%
0:36AC/DC
81.1%
0:12Def Leppard
78.4%
0:56Lynyrd Skynyrd
73%
1:40Tupac Shakur
73%
0:24Jimi Hendrix
70.3%
1:16Weird Al Yankovic
70.3%
2:08Elvis Costello
70.3%
2:16Aretha Franklin
70.3%
2:04Mary J. Blige
64.9%
1:20Alanis Morissette
62.2%
1:32Radiohead
62.2%
0:40Sammy Hagar
56.8%
2:12Roy Orbison
56.8%
0:32Rihanna
51.4%
1:52Beyoncé
51.4%
0:28Metallica
48.6%
Time Band Name % Correct
1:00Milli Vanilli
45.9%
1:56Janis Joplin
45.9%
1:24Depeche Mode
40.5%
1:48Oingo Boingo
37.8%
0:04Dio
32.4%
1:08Sinead O'Conner
32.4%
1:12Queensryche
32.4%
0:16Wolfmother
29.7%
0:44Hoobastank
24.3%
0:48Trivium
24.3%
1:28Pantera
24.3%
2:00Yngwie Malmsteen
21.6%
0:20Aerosmith
18.9%
1:44Primus
18.9%
0:52Pat Benatar
16.2%
1:36Chevelle
10.8%
1:04Manowar
5.4%

You're not logged in!

Compare scores with friends on all Sporcle quizzes.
Sign Up with Email
OR
Log In

You Might Also Like...

Show Comments

Extras

Top Quizzes Today


Score Distribution

Your Account Isn't Verified!

In order to create a playlist on Sporcle, you need to verify the email address you used during registration. Go to your Sporcle Settings to finish the process.